An essay on the origins of the House of Commons /

Bibliographic Details
Main Author: Pasquet, D. (Désiré)
Format: Book
Language:English
Undetermined
Published: Hamden, Conn. : Archon Books, [1964]
Subjects:

MARC

Tag First Indicator Second Indicator Subfields
LEADER 00000cam a2200000 4500
001 in00000067858
005 20151008050824.0
008 750818s1964 ctu b 00000 eng u
010 |a  64009166  
035 |a (OCoLC)01555621 
035 |9 AAG3613AM 
040 |c FBA  |d TXA  |d UtOrBLW 
041 1 |a eng  |a und 
049 |a TXAM  |c [466834] 
050 0 0 |a JN673  |b .P3 1964 
082 0 |a 382.4209 
092 |a 328.42  |b P284e 
100 1 |a Pasquet, D.  |q (Désiré) 
245 1 3 |a An essay on the origins of the House of Commons /  |c by D. Pasquet. Translated by R. G. D. Laffan. 
264 1 |a Hamden, Conn. :  |b Archon Books,  |c [1964] 
300 |a xiii, 248 pages ;  |c 23 cm. 
336 |a text  |b txt  |2 rdacontent 
337 |a unmediated  |b n  |2 rdamedia 
338 |a volume  |b nc  |2 rdacarrier 
500 |a Cover title: The orgins of the House of Commons. 
504 |a Includes bibliographical references. 
610 1 0 |a Great Britain.  |b Parliament.  |b House of Commons. 
650 0 |a Constitutional history  |z Great Britain. 
740 4 |a The origins of the House of Commons. 
999 |a MARS 
999 f f |s e5126c63-1c1b-3fd6-b5e7-ebeae241de8d  |i 0a1c93a7-a0b6-3a49-a236-12a8d95f7b42  |t 0 
952 f f |p ric  |a Texas A&M University  |b Rellis Campus  |c Joint Library Facility  |d Remote Storage  |t 0  |e JN673 .P3 1964  |h Library of Congress classification  |i unmediated -- volume  |m A14800681879 
998 f f |a JN673 .P3 1964  |t 0  |l Remote Storage